| 000 | 00554nam a2200193Ia 4500 | ||
|---|---|---|---|
| 003 | GCL | ||
| 008 | 140319s9999 xx 000 0 ara d | ||
| 040 |
_aGCL / _cGCL |
||
| 082 | 0 | 4 |
_a810.1 _bخ ذ |
| 100 | 1 | _aخرابتشينكو | |
| 245 | 1 | 0 |
_aذات الكاتب الابداعية وتطور الادب / _cخرابتشينكو |
| 300 | _a504 ص | ||
| 490 | _a | ||
| 650 | 0 | 4 | _aالادب العربى |
| 650 | 0 | 4 | _aالكتابة الفنية |
| 650 | 0 | 4 | _aالابداع الادبى |
| 650 | 0 | 4 | _aالابداع الفنى |
| 942 |
_2ddc _cBK |
||
| 999 |
_c38489 _d38489 |
||